Procesy decentralizácie a dezintegrácie Ruskej federácie z pozície tranzitívnej teórie
Historický prehľad procesu tranzície a formovania politického systému post-sovietskeho Ruska. Obdobie Gorbačovej "perestrojky". Pozadie procesov decentralizácie a dezintegrácie Ruska. Decentralizácia, dezintegrácia a volanie po vláde pevnej ruky. Vladimír Putin a centralizácia moci.
Salvato in:
| Autore principale: | |
|---|---|
| Natura: | Capitolo di libro |
| Lingua: | slovacco |
| Soggetti: | |
| Tags: |
Nessun Tag, puoi essere il primo ad aggiungerne!!
|
MARC
| LEADER | 00000naa a2200000 4500 | ||
|---|---|---|---|
| 001 | 0155323 | ||
| 005 | 20230918072857.9 | ||
| 041 | 0 | |a slo | |
| 044 | |a SK | ||
| 245 | 1 | 0 | |a Procesy decentralizácie a dezintegrácie Ruskej federácie z pozície tranzitívnej teórie |c Monika Skalická |
| 520 | |a Historický prehľad procesu tranzície a formovania politického systému post-sovietskeho Ruska. Obdobie Gorbačovej "perestrojky". Pozadie procesov decentralizácie a dezintegrácie Ruska. Decentralizácia, dezintegrácia a volanie po vláde pevnej ruky. Vladimír Putin a centralizácia moci. | ||
| 610 | 2 | 0 | |a decentralizácia |
| 610 | 2 | 0 | |a dezintegrácia |
| 610 | 2 | 0 | |a história |
| 610 | 2 | 0 | |a politika vnútorná |
| 610 | 2 | 0 | |a Rusko |
| 100 | 1 | |a Skalická, Monika | |